Estudio de las estructuras y variables socio-económicas en la Comunidad de Guananico, Puerto Plata en la actualidad 2010 (Record no. 1825)

MARC details
000 -LEADER
campo de control de longitud fija 02803nam a2200541Ia 4500
001 - NÚMERO DE CONTROL
campo de control 1946
008 - DATOS DE LONGITUD FIJA--INFORMACIÓN GENERAL
campo de control de longitud fija 241029s9999 xx 000 0 und d
010 ## - NÚMERO DE CONTROL DE LA BIBLIOTECA DEL CONGRESO
Número de control de LC 1825
041 ## - CÓDIGO DE IDIOMA
Código de lengua del texto/banda sonora o título independiente Español
082 ## - NÚMERO DE LA CLASIFICACIÓN DECIMAL DEWEY
Número de clasificación M.C.S. 004
245 #0 - MENCIÓN DEL TÍTULO
Título Estudio de las estructuras y variables socio-económicas en la Comunidad de Guananico, Puerto Plata en la actualidad 2010
260 ## - PUBLICACIÓN, DISTRIBUCIÓN, ETC.
Lugar de publicación, distribución, etc. Puerto Plata
300 ## - DESCRIPCIÓN FÍSICA
Extensión 121
520 ## - RESUMEN, ETC.
Sumario, etc. 27
520 ## - RESUMEN, ETC.
Sumario, etc. Los principales propósitos del estudio consistieron en conocer los diferentes aspectos socioeconómicos y poblacionales del municipio de Guananico en la actualidad, así como determinar las características de la población de Guananico. También pretendió analizar los aspectos sociales y conocer la situación económica del municipio. Para el alcance de los objetivos, el estudio empleó una metodología de corte cuantitativo y se fundamentó en los métodos descriptivo, exploratorio y la observación. Como instrumento se utilizó una guía de entrevista. Se trabajó con una muestra de siete sectores del municipio. Los resultados se presentaron a través de una estadística descriptiva con medias, tablas y gráficas.Los resultados indican que los antecedentes socioeconómicos del municipio no se encuentran de manera documental, lo que dificulta su conocimiento, además, destacan que la población se clasifica en clase alta, media y baja y que el sexo predominante en la clase alta es el masculino, lo cual se relaciona con el poder oligárquico que ejerce esta clase en el área económica del municipio.El estudio sugiere fortalecer la estructura municipal como medio de desarrollo del municipio y que la clase alta cree pequeñas industrias agropecuarias, donde se procesen los productos de este renglón y se empleen los integrantes de la clase baja.
630 ## - PUNTO DE ACCESO ADICIONAL DE MATERIA--TÍTULO UNIFORME
Título uniforme Ciencias Sociales
630 ## - PUNTO DE ACCESO ADICIONAL DE MATERIA--TÍTULO UNIFORME
Título uniforme Comunidad Educativa
650 ## - PUNTO DE ACCESO ADICIONAL DE MATERIA--TÉRMINO DE MATERIA
Término de materia o nombre geográfico como elemento de entrada Ciencias Sociales
690 ## - PUNTO DE ACCESO ADICIONAL DE MATERIA LOCAL--TÉRMINO DE MATERIA (OCLC, RLIN)
Término de materia o nombre geográfico como elemento inicial Elaborado
700 ## - ENTRADA AGREGADA--NOMBRE PERSONAL
Término indicativo de función/relación asesor
Nombre de persona De León Castillo, Leandra
700 ## - ENTRADA AGREGADA--NOMBRE PERSONAL
Término indicativo de función/relación autor
Nombre de persona Castillo, Petronila
700 ## - ENTRADA AGREGADA--NOMBRE PERSONAL
Término indicativo de función/relación autor
Nombre de persona Jenao, Arelys Omaira
901 ## - ELEMENTOS DE DATOS A LOCAL LDA (RLIN)
a {"1":"Castillo","2":"Jenao"}
b {"1":"Petronila ","2":"Arelys Omaira "}
902 ## - ELEMENTOS DE DATOS B LOCAL, LDB (RLIN)
a 1
903 ## - ELEMENTOS DE DATOS C LOCAL, LDC (RLIN)
a {"1":" De León Castillo"}
b {"1":"Leandra"}
904 ## - ELEMENTOS DE DATOS D LOCAL, LDD (RLIN)
a Magíster en
905 ## - ELEMENTOS DE DATOS E LOCAL, LDE (RLIN)
a Ciencias Sociales
906 ## - ELEMENTOS DE DATOS F LOCAL, LDF (RLIN)
a 2
907 ## - ELEMENTOS DE DATOS G LOCAL, LDG (RLIN)
a NO APLICA
908 ## - COLOCAR PARÁMETRO DE COMANDO (RLIN)
Colocar parámetro de comando NO APLICA
909 ## -
-- ISFODOSU, Recinto Luís Napoleón Núñez Molina
910 ## - DATOS DE OPCIÓN DEL USUARIO (OCLC)
Datos de opción del usuario NULL
-- NULL
911 ## - EQUIVALENCIA O REFERENCIA-CRUZADA-NOMBRE DE CONFERENCIA O REUNIÓN/CONGRESO [LOCAL, CANADÁ]
Nombre de congreso/reunión o jurisdicción como elemento de entrada ["1"]
912 ## -
-- NO APLICA
913 ## -
-- NULL
914 ## -
-- 12 de Enero de 2010
915 ## -
-- 01/07/15 11:07
916 ## -
-- NULL
917 ## -
-- NULL
918 ## -
-- NO APLICA
919 ## -
-- ["231","45"]
921 ## -
-- 11
922 ## -
-- 11
923 ## -
-- 0
924 ## -
-- NO APLICA
942 ## - ELEMENTOS DE ENTRADA SECUNDARIOS (KOHA)
Tipo de ítem Koha

No items available.

© 2024. Todos los Derechos Reservados. Desarrollado por IDEICE